Score 0/24 Timer 03:00
0 Plays Today
John Missing Word % Correct
John TravoltaPulp
97.3%
John TravoltaFever
96.6%
John CandyTrains
95.8%
John C. ReillyLine
92.8%
John WayneWon
92.2%
John CleeseFish
91.3%
John GoodmanMonsters
89.7%
John CusackBeing
88.3%
John GoodmanBrother
88%
John WayneGrit
87.7%
John C. ReillyGrape
87.2%
John CleeseDie
86.7%
John Missing Word % Correct
John CusackAir
84.7%
John CandyUncle
83.4%
John CandyRunnings
79.1%
John GoodmanLebowski
74%
John LithgowZone
72%
John CusackBlank
70.3%
John TravoltaCowboy
69.1%
John LithgowGarp
66.2%
John C. ReillyStorm
62.3%
John CleeseRat
51.2%
John LithgowRaising
40.9%
John WayneSands
38.8%

Today's Daily Dose

Remove Ads.
Support Sporcle.
Get the best of Sporcle when you Go Orange. This ad-free experience offers more features, more stats, and more fun while also helping to support Sporcle. Thank you for becoming a member.

You're not logged in!

Compare scores with friends on all Sporcle quizzes.
OR
Log In

Show Comments

Extras

Top Quizzes Today


Score Distribution

Your Account Isn't Verified!

In order to create a playlist on Sporcle, you need to verify the email address you used during registration. Go to your Sporcle Settings to finish the process.

Report this User

Report this user for behavior that violates our Community Guidelines.

Details: